000 00879nam a2200265 a 4500
001 BRL_208
005 20190320210633.0
008 780822s1976----mx-a######---#000-0#spa-#
041 _aspa
044 _amx
050 4 _aF1219
_b.C66 2 1976
245 1 0 _aComunicaciones II / 1976, suplemento
_bProyecto Puebla Tlaxcala.
260 _aPuebla, México
_bFundación Alemana para la Investigación Científica
_c1976
300 _a74 p.
_bil., planos
_c28 cm.
500 _aAu268
504 _aIncluye referencias bibliográficas
505 0 _aPrimera parte. La arqueología del sur-oeste de Tlaxcala
650 1 4 _aIndígenas de México
_xAntigüedades
_9509
650 1 4 _aGeología
_zMéxico
_95672
651 4 _aMéxico
_xAntigüedades
_92765
651 4 _aPuebla (México : Estado)
_923229
651 4 _aTlaxcala (México : Estado)
_923230
902 _aGRL
942 _2lcc
_cB
999 _c9021
_d9021